000 01121nam0a2200301 4500
001 RU\NLR\bibl\43293
005 20250615030615.0
010 _a5-7422-0065-Х
_9833
021 _aRU
_b99-19855
_9968
035 _a(NLR Aleph) 000042214
090 _a221467
_c221467
100 _a19990813d1999 |||y0rusy50 ca
101 1 _arus
_cswe
102 _aRU
105 _aa |||||||||
200 1 _aДобейся успеха с Access 97
_eБазовый курс по Access 97
_f[Андерберг Фредерик, Петерсон Юнас
_gПер. со швед. Л. Хегберга]
210 _aСПб.
_cЛ. Хегберг Дата
_cСПбГТУ
_d1999
215 _a210 c.
_cил.
_d22
606 0 _aMICROSOFT ACCESS 97, система управления базами данных
_92077204
_3RU\NLR\auth\661252769
686 _aЗ973.233-018.2
700 1 _aАндерберг
_bФ.
_gФредерик
_4070
701 1 _aПетерссон
_bЮ.
_gЮнас
_4070
801 0 _aRU
_bNLR
_c19990813
_gPSBO
801 1 _aRU
_bNLR
_c19990813
852 _aNLR
_j99-5/2172
942 _cBOOK
980 _aNB